TV Speech Quiz Stats

Quiz not verified by Sporcle

Challenge
Share
Tweet
Embed
Score 0/257 Timer 14:00
0 Plays Today
Answer % Correct
I
97.1%
I
97.1%
I
97.1%
I
97.1%
I
97.1%
I
97.1%
I
97.1%
I
97.1%
I
97.1%
I
97.1%
I
97.1%
a
94.3%
a
94.3%
a
94.3%
a
94.3%
and
91.4%
you
91.4%
We
91.4%
and
91.4%
and
91.4%
to
91.4%
you
91.4%
you
91.4%
to
91.4%
We
91.4%
we
91.4%
and
91.4%
And
91.4%
you.
91.4%
you
91.4%
You
91.4%
to
91.4%
You
91.4%
to
91.4%
You
91.4%
And
91.4%
you
91.4%
and
91.4%
you,
91.4%
you
91.4%
to
91.4%
you
91.4%
you
91.4%
to
91.4%
you
91.4%
and
91.4%
you
91.4%
to
91.4%
you
91.4%
you
91.4%
and
91.4%
you
91.4%
an
88.6%
the
88.6%
the
88.6%
an
88.6%
the
88.6%
me.
85.7%
me.
85.7%
me
85.7%
me
85.7%
me
85.7%
can
82.9%
know.
82.9%
can
82.9%
of
80%
is
80%
of
80%
Your
80%
your
80%
your
80%
your
80%
on
80%
is
80%
so
80%
in
80%
for
80%
of
80%
be
80%
be.
80%
for
80%
in
80%
of
80%
is
80%
be
80%
your
80%
Answer % Correct
be
80%
your
80%
in
80%
of
80%
your
80%
of
80%
that
77.1%
are.
77.1%
that
77.1%
that.
77.1%
that
77.1%
that
77.1%
that
77.1%
that
77.1%
that
77.1%
that
77.1%
that
77.1%
will,
74.3%
When
74.3%
when
74.3%
When
74.3%
will
74.3%
when
74.3%
will
74.3%
will
74.3%
will
74.3%
have
71.4%
who
71.4%
love
71.4%
who
71.4%
love
71.4%
who
71.4%
have
71.4%
love,
71.4%
was
65.7%
was
65.7%
there
65.7%
there
65.7%
there
65.7%
this
62.9%
this
62.9%
like
62.9%
this,
62.9%
this
62.9%
this
62.9%
one
62.9%
all
60%
with
60%
see
60%
hear
57.1%
as
57.1%
as
57.1%
much
57.1%
but
54.3%
up.
54.3%
need
54.3%
need
54.3%
been
51.4%
I'm
51.4%
ever
48.6%
our
48.6%
than
48.6%
ever
48.6%
People
45.7%
people
45.7%
let
45.7%
Now,
45.7%
hope
42.9%
it's
42.9%
every
42.9%
hope.
42.9%
Hope
42.9%
Hope
42.9%
Hope
42.9%
Hope
42.9%
world
40%
world,
40%
has
37.1%
has
37.1%
out
37.1%
out
37.1%
out,
37.1%
help
37.1%
take
34.3%
thought
34.3%
won't
34.3%
Answer % Correct
those
34.3%
come
34.3%
those
34.3%
those
34.3%
by
31.4%
give
31.4%
feel
28.6%
meant
28.6%
made
28.6%
friends
25.7%
free
25.7%
young.
25.7%
each
25.7%
children,
22.9%
great
22.9%
known.
22.9%
makes
22.9%
again.
22.9%
again
22.9%
everything
20%
everything
20%
first
20%
planet,
20%
found
20%
remember
20%
may
20%
moment
20%
City,
17.1%
City,
17.1%
spirit,
14.3%
attack
14.3%
strength,
14.3%
sad
14.3%
alone,
14.3%
taking.
14.3%
gave
14.3%
light,
14.3%
spirit,
14.3%
spirit,
14.3%
fight
14.3%
once
14.3%
everyone,
11.4%
evil
11.4%
easy
11.4%
lose
11.4%
lose
11.4%
landed
11.4%
helped
11.4%
back
11.4%
stronger
11.4%
possible.
11.4%
back
11.4%
aid.
11.4%
National
8.6%
Supergirl,
8.6%
attacked,
8.6%
mothers
8.6%
fathers
8.6%
National
8.6%
cannot
8.6%
heroes.
8.6%
neighbors,
5.7%
suddenly
5.7%
stopped
5.7%
force
5.7%
attacker
5.7%
sought
5.7%
individuality
5.7%
facing
5.7%
hopeless.
5.7%
retreat,
5.7%
ourselves.
5.7%
lost
5.7%
myself.
5.7%
faced
5.7%
enemy
5.7%
faces
5.7%
lost.
5.7%
snuffed
2.9%
determined
2.9%
destroy
2.9%
thrive.
2.9%
shunned
2.9%
crisis
2.9%
perhaps
2.9%

You're not logged in!

Compare scores with friends on all Sporcle quizzes.
Join for Free
OR
Log In

You Might Also Like...

Show Comments

Extras

Created Sep 9, 2016ReportNominate
Tags:speech

Top Quizzes Today


Score Distribution

Your Account Isn't Verified!

In order to create a playlist on Sporcle, you need to verify the email address you used during registration. Go to your Sporcle Settings to finish the process.

Report this User

Report this user for behavior that violates our Community Guidelines.

Details: